<?xml version="1.0" encoding="UTF-8"?>
<record
    xmlns:xsi="http://www.w3.org/2001/XMLSchema-instance"
    xsi:schemaLocation="http://www.loc.gov/MARC21/slim http://www.loc.gov/standards/marcxml/schema/MARC21slim.xsd"
    xmlns="http://www.loc.gov/MARC21/slim">

  <leader>01308nam a2200217   4500</leader>
  <controlfield tag="001">000000353</controlfield>
  <controlfield tag="005">20200929145329.0</controlfield>
  <controlfield tag="008">090122s20uu    xxua          001 0 spa d</controlfield>
  <datafield tag="040" ind1=" " ind2=" ">
    <subfield code="a">DO-SdBNP</subfield>
    <subfield code="b">spa</subfield>
    <subfield code="c">BNPHU</subfield>
  </datafield>
  <datafield tag="082" ind1=" " ind2=" ">
    <subfield code="a">241.672</subfield>
    <subfield code="b">R457m</subfield>
  </datafield>
  <datafield tag="100" ind1="1" ind2=" ">
    <subfield code="a">Reyes, Porfirio,</subfield>
    <subfield code="c">Rev.</subfield>
    <subfield code="9">1191</subfield>
  </datafield>
  <datafield tag="245" ind1="1" ind2="3">
    <subfield code="a">El mal de la lengua /</subfield>
    <subfield code="c">Porfirio Reyes ; pr&#xF3;logo Adolfo Carri&#xF3;n.</subfield>
  </datafield>
  <datafield tag="300" ind1=" " ind2=" ">
    <subfield code="a">79 p. :</subfield>
    <subfield code="b">il. ;</subfield>
    <subfield code="c">19 cm.</subfield>
  </datafield>
  <datafield tag="505" ind1="2" ind2=" ">
    <subfield code="t">Dedicatoria --</subfield>
    <subfield code="t">Agradecimiento --</subfield>
    <subfield code="t">Pr&#xF3;logo --</subfield>
    <subfield code="t">Introducci&#xF3;n --</subfield>
    <subfield code="g">Cap&#xED;tulo 1.</subfield>
    <subfield code="t">Origen y prop&#xF3;sito de la lengua --</subfield>
    <subfield code="g">Cap&#xED;tulo 2.</subfield>
    <subfield code="t">Desviaciones de la lengua --</subfield>
    <subfield code="g">Cap&#xED;tulo 3.</subfield>
    <subfield code="t">Los chismes --</subfield>
    <subfield code="g">Cap&#xED;tulo 4.</subfield>
    <subfield code="t">Necesidad de chismear --</subfield>
    <subfield code="g">Cap&#xED;tulo 5.</subfield>
    <subfield code="t">La gran industria de la chismograf&#xED;a --</subfield>
    <subfield code="g">Cap&#xED;tulo 6.</subfield>
    <subfield code="t">Los chismes como arma de Satan&#xE1;s --</subfield>
    <subfield code="g">Cap&#xED;tulo 7.</subfield>
    <subfield code="t">Consecuencias y v&#xED;ctimas del mal de la lengua --</subfield>
    <subfield code="g">Cap&#xED;tulo 8.</subfield>
    <subfield code="t">Identificando a quienes tienen la lengua larga --</subfield>
    <subfield code="g">Cap&#xED;tulo 9.</subfield>
    <subfield code="t">Efectividad vacuna anti-lengua --</subfield>
    <subfield code="g">Cap&#xED;tulo 10.</subfield>
    <subfield code="t">Ajustando nuestra &#xE9;tica cristiana --</subfield>
    <subfield code="g">Cap&#xED;tulo 11.</subfield>
    <subfield code="t">Comprometidos con el evangelio --</subfield>
    <subfield code="t">Ap&#xE9;ndice.</subfield>
    <subfield code="t">Clasificaci&#xF3;n b&#xED;blica sobre el tema.</subfield>
  </datafield>
  <datafield tag="590" ind1=" " ind2=" ">
    <subfield code="a">Inventariado, 2018/BT</subfield>
  </datafield>
  <datafield tag="650" ind1=" " ind2="4">
    <subfield code="a">&#xC9;tica cristiana</subfield>
    <subfield code="9">389</subfield>
  </datafield>
  <datafield tag="650" ind1=" " ind2="4">
    <subfield code="a">Difamaci&#xF3;n</subfield>
    <subfield code="9">1192</subfield>
  </datafield>
  <datafield tag="650" ind1=" " ind2="4">
    <subfield code="a">Mitoman&#xED;a</subfield>
    <subfield code="9">1193</subfield>
  </datafield>
  <datafield tag="650" ind1=" " ind2="4">
    <subfield code="a">Verdad y mentira</subfield>
    <subfield code="9">1194</subfield>
  </datafield>
  <datafield tag="700" ind1="1" ind2=" ">
    <subfield code="a">Carri&#xF3;n, Adolfo,</subfield>
    <subfield code="e">pr&#xF3;l.</subfield>
    <subfield code="9">1195</subfield>
  </datafield>
  <datafield tag="952" ind1=" " ind2=" ">
    <subfield code="0">0</subfield>
    <subfield code="1">0</subfield>
    <subfield code="5">2</subfield>
    <subfield code="7">5</subfield>
    <subfield code="8">DS</subfield>
    <subfield code="a">BNPHU</subfield>
    <subfield code="b">BNPHU</subfield>
    <subfield code="c">HD</subfield>
    <subfield code="d">2009-07-15</subfield>
    <subfield code="i">LF1</subfield>
    <subfield code="l">0</subfield>
    <subfield code="o">241.672 R457m</subfield>
    <subfield code="p">353-10</subfield>
    <subfield code="r">2020-06-25</subfield>
    <subfield code="w">2020-06-25</subfield>
    <subfield code="y">LF1</subfield>
    <subfield code="Z">Pr&#xE9;stamo interno</subfield>
  </datafield>
  <datafield tag="952" ind1=" " ind2=" ">
    <subfield code="0">0</subfield>
    <subfield code="1">0</subfield>
    <subfield code="5">3</subfield>
    <subfield code="7">5</subfield>
    <subfield code="8">DS</subfield>
    <subfield code="a">BNPHU</subfield>
    <subfield code="b">BNPHU</subfield>
    <subfield code="c">HD</subfield>
    <subfield code="d">2009-07-15</subfield>
    <subfield code="i">LF1</subfield>
    <subfield code="l">0</subfield>
    <subfield code="o">241.672 R457m</subfield>
    <subfield code="p">353-20</subfield>
    <subfield code="r">2020-06-25</subfield>
    <subfield code="t">e. 2</subfield>
    <subfield code="w">2020-06-25</subfield>
    <subfield code="y">LF1</subfield>
    <subfield code="Z">Pr&#xE9;stamo interno</subfield>
  </datafield>
  <datafield tag="999" ind1=" " ind2=" ">
    <subfield code="c">352</subfield>
    <subfield code="d">352</subfield>
  </datafield>
</record>
